000 00771cam a2200241u 4500
999 _c128784
_d128784
001 8371322
003 ARRUPE
005 20190121122043.0
008 830617s1950 sa ab 000 0 eng
010 _a 51032437
040 _aDLC
_cCarP
_dDLC
043 _af-rh---
050 0 0 _aSPC. GN776.R5
_bC47
100 1 _aClark, J. Desmond
_q(John Desmond),
_d1916-2002.
_98938
245 0 4 _aThe stone age cultures of Northern Rhodesia,
_cJohn Desmond Clark
260 _aClaremont, Cape,
_bSouth African Archaeological Society,
_c[1950]
300 _a157 p.
_billus., maps (1 fold.)
_c25 cm.
650 0 _aStone age
_zZambia.
_944035
650 0 _aGeology
_zZambia.
_944036
651 0 _aZambia
_xAntiquities.
_912335
906 _a0
_bcbc
_cpremunv
_du
_encip
_f19
_gy-gencatlg
942 _2lcc
_cSPC